Листва (Запись № 1776066)

Подробности
000 -МАРКЕР
контрольное поле 02409nam0a2200409 4500
001 - ИДЕНТИФИКАТОР ЗАПИСИ
контрольное поле RU\NLR\bibl\1502089
005 - ИДЕНТИФИКАТОР ВЕРСИИ
контрольное поле 20230731193238.0
010 ## - МЕЖДУНАРОДНЫЙ СТАНДАРТНЫЙ НОМЕР КНИГИ (ISBN)
Номер (ISBN) 978-5-94668-072-1
Тираж 2000
021 ## - НОМЕР ГОСУДАРСТВЕННОЙ РЕГИСТРАЦИИ
Код страны Российская Федерация
Номер 2010-13886
Номер Листа государственной регистраци 925
035 ## - ДРУГИЕ СИСТЕМНЫЕ НОМЕРА
Идентификатор записи (NLR Aleph) 001493539
035 ## - ДРУГИЕ СИСТЕМНЫЕ НОМЕРА
Идентификатор записи (nilc)RSL-KNO-004587096
100 ## - ДАННЫЕ ОБЩЕЙ ОБРАБОТКИ
Данные общей обработки 20100304d2010 u y0rusy50 ca
101 0# - ЯЗЫК РЕСУРСА
Язык текста, звукозаписи и т.д. русский
102 ## - СТРАНА ПУБЛИКАЦИИ ИЛИ ПРОИЗВОДСТВА
Страна публикации Российская Федерация
105 ## - ПОЛЕ КОДИРОВАННЫХ ДАННЫХ: ТЕКСТОВЫЕ МАТЕРИАЛЫ, МОНОГРАФИЧЕСКИЕ
Кодированные данные о монографическом текстовом документе a zzzz|||||
200 1# - ЗАГЛАВИЕ И СВЕДЕНИЯ ОБ ОТВЕТСТВЕННОСТИ
Основное заглавие Листва
Сведения, относящиеся к заглавию собрание сочинений
Первые сведения об ответственности В. В. Розанов
Последующие сведения об ответственности [сост. и подгот. текста: А. Н. Николюкина и др.
-- коммент.: А. Н. Николюкина, В. Г. Сукача
-- Рос. акад. наук, ИНИОН]
210 ## - ПУБЛИКАЦИЯ, РАСПРОСТРАНЕНИЕ И ДР.
Место издания, распространения и т.д. Москва
Имя издателя, распространителя и т. д. Республика
Место издания, распространения и т.д. Санкт-Петербург
Имя издателя, распространителя и т. д. Росток
Дата издания, распространения и т.д. 2010
215 ## - ФИЗИЧЕСКАЯ ХАРАКТЕРИСТИКА
Специфическое обозначение материала и объем 589, [2] с.
Другие сведения о физической характеристике ил., портр.
Размеры 21
225 1# - СЕРИЯ
Основное заглавие серии Собрание сочинений
Сведения об ответственности под общ. ред. А. Н. Николюкина
Обозначение тома Т. 30
320 ## - ПРИМЕЧАНИЯ О НАЛИЧИИ В ДОКУМЕНТЕ БИБЛИОГРАФИИ / УКАЗАТЕЛЯ
Текст примечания Алф. перечень произведений В. В. Розанова в конце кн.
327 1# - ПРИМЕЧАНИЯ О СОДЕРЖАНИИ
Текст примечания Содерж.: Уединенное; Опавшие листья: короб первый; Опавшие листья: короб второй и последний
600 #1 - ИМЯ ЛИЦА КАК ПРЕДМЕТ
Начальный элемент ввода Розанов
Часть имени, кроме начального элемента ввода В.В.
Даты 1856 - 1919
Расширение инициалов личного имени Василий Васильевич
Тематический подзаголовок Философские взгляды
Системный номер авторитетной/нормативной записи 2073288
Идентификатор авторитетной/нормативной записи RU\NLR\auth\661248177
610 0# - НЕКОНТРОЛИРУЕМЫЕ ПРЕДМЕТНЫЕ ТЕРМИНЫ
Предметный термин Филологические науки. Художественная литература -- Россия -- Русская литература -- кон. 19 - нач. 20 в. (2-ая пол. 90-х гг. 19 в. - 1917 г.) -- Произведения художественной литературы -- Художественная проза -- Сборники одного автора
686 ## - ИНДЕКСЫ ДРУГИХ КЛАССИФИКАЦИЙ
Индекс Ш5(2=Р)53-64я44
Код системы
686 ## - ИНДЕКСЫ ДРУГИХ КЛАССИФИКАЦИЙ
Индекс Ю3(2)6-678
686 ## - ИНДЕКСЫ ДРУГИХ КЛАССИФИКАЦИЙ
Индекс Ш6(2=Р)53я44
700 #1 - ИМЯ ЛИЦА - ПЕРВИЧНАЯ ОТВЕТСТВЕННОСТЬ
Код отношения Автор
Графика поля Кириллица
Материалы, к которым относится поле rus
Начальный элемент ввода Розанов
Часть имени, кроме начального элемента ввода В. В.
Даты 1856-1919
Расширение инициалов личного имени Василий Васильевич
Системный номер авторитетной/нормативной записи 533
Идентификатор авторитетной/нормативной записи RU\NLR\AUTH\7717446
702 #1 - ИМЯ ЛИЦА - ВТОРИЧНАЯ ОТВЕТСТВЕННОСТЬ
Код отношения Составитель
Графика поля Кириллица
Материалы, к которым относится поле rus
Начальный элемент ввода Николюкин
Часть имени, кроме начального элемента ввода А. Н.
Даты 1928-
Расширение инициалов личного имени Александр Николаевич
Системный номер авторитетной/нормативной записи 165320
Идентификатор авторитетной/нормативной записи RU\NLR\AUTH\770165365
801 #0 - ИСТОЧНИК ЗАПИСИ
Страна Российская Федерация
Организация РГБ
Дата составления 20100304
Правила каталогизации rcr
801 #1 - ИСТОЧНИК ЗАПИСИ
Страна Российская Федерация
Организация РГБ
Дата составления 20100304
801 #2 - ИСТОЧНИК ЗАПИСИ
Страна Российская Федерация
Организация NLR
Дата составления 20100420
Правила каталогизации rcr
942 ## - ДОПОЛНИТЕЛЬНЫЕ ЭЛЕМЕНТЫ ЗАПИСИ (АБИС)
Тип экземпляра АБИС Книга
980 ## - КОЛЛЕКЦИЯ
Название коллекции Национальная библиография
Экземпляры
Тип экземпляра Дата поступления Источник поступления Библиотека постоянного хранения Библиотека текущего хранения Место хранения Шифр хранения Штрих-код Статус экземпляра
Книга 20.04.2010 Обязательный экземпляр РНБ (Московский) РНБ (Московский) Русский книжный фонд: издания с 1957 года 2010-3/13411 1-1936941  
Книга 20.04.2010 Обязательный экземпляр РНБ (Московский) РНБ (Московский) Русский книжный фонд: издания с 1957 года 2010-3/13411 3155205